000 00457nam a2200169Ia 4500
999 _c14488
_d14488
003 OSt
005 20201103094834.0
008 190216s9999||||xx |||||||||||||| ||und||
040 _coclc
082 _a823
_bACH/A
100 _aAchebe, Chinua
_95732
245 0 _aArrow Of God /
_cChinua Achebe
260 _bPenguin Books,
_c2010.
_aNew zealand:
300 _a232p
650 _aEnglish
942 _cBK
_2ddc
_h823
_iACH/A
_k823
_mACH/A